<?xml version="1.0" encoding="UTF-8"?>
<collection xmlns="http://www.loc.gov/MARC21/slim">
    <record>
        <controlfield tag="001">88473</controlfield>
        <controlfield tag="005">20210128143633.0</controlfield>
        <datafield tag="024" ind1="8" ind2=" ">
            <subfield code="2">sideral</subfield>
            <subfield code="a">117123</subfield>
        </datafield>
        <datafield tag="037" ind1=" " ind2=" ">
            <subfield code="a">ART-2019-117123</subfield>
        </datafield>
        <datafield tag="041" ind1=" " ind2=" ">
            <subfield code="a">eng</subfield>
        </datafield>
        <datafield tag="100" ind1=" " ind2=" ">
            <subfield code="a">Laura Simón-Montañes</subfield>
            <subfield code="u">Universidad de Zaragoza</subfield>
        </datafield>
        <datafield tag="245" ind1=" " ind2=" ">
            <subfield code="a">"Hyperconnected” adolescents: sedentary screen time according to gender and type of day</subfield>
        </datafield>
        <datafield tag="260" ind1=" " ind2=" ">
            <subfield code="c">2019</subfield>
        </datafield>
        <datafield tag="506" ind1="0" ind2=" ">
            <subfield code="a">Access copy available to the general public</subfield>
            <subfield code="f">Unrestricted</subfield>
        </datafield>
        <datafield tag="520" ind1="3" ind2=" ">
            <subfield code="a">The research objective was to know the mean daily usage time of screen-based devices (Television [TV], computer, video games, and mobile phone), as well as compliance with screen time recommendations for these devices. Likewise, the differences in the four electronic devices were examined according to gender and type of day (i.e., weekdays and weekend). A total of 2021 adolescents (M age=14.23; SD=1.58; 51% female) completed a questionnaire on regular screen time usage. The young people reported a mean daily screen usage of 6 hours and 12 minutes, with 4% of them meeting screen time recommendations (&lt;2 hours/day). No differences in total screen time usage were obtained according to gender. However, boys obtained higher values in the use of video games, while girls obtained higher values in the use of mobile phones and computers. Adolescents reported higher screen time values at weekends than on weekdays in terms of all four electronic devices analysed. On the basis of the high daily screen usage time, developing strategies towards the responsible use of video games in boys, and mobile phones and computers in girls, seems necessary, placing emphasis on weekend days.

El objetivo del estudio fue conocer el tiempo medio de uso diario de cuatro medios tecnológicos de pantalla (MTP) (TV, ordenador, videojuegos y teléfono móvil), así como el cumplimiento de las recomendaciones de pantalla en dichos dispositivos. Asimismo, se examinaron las diferencias en los cuatro MTP en función del género y el tipo de jornada. Un total de 2021 adolescentes (M edad=14.23; DT=1.58; 51% chicas) cumplimentaron un cuestionario sobre el uso habitual de tiempo de pantalla. Los jóvenes reportaron un uso medio diario de pantalla de 6 horas y 12 minutos, cumpliendo un 4% las recomendaciones de tiempo pantalla (&lt;2 horas/día). No se obtuvieron diferencias en el tiempo de uso total de pantalla en función del género. Sin embargo, los chicos obtuvieron valores superiores en el uso de videojuegos, mientras que las chicas obtuvieron valores superiores en la utilización del teléfono móvil y el ordenador. Durante el fin de semana, los adolescentes reportaron valores superiores de tiempo pantalla, en los cuatro MTP analizados, que entre semana. En base al elevado tiempo de uso diario de pantalla, parece necesario el desarrollo de estrategias en el uso responsable de videojuegos en los chicos y en el teléfono móvil y el ordenador en las chicas, haciendo énfasis en los fines de semana.</subfield>
        </datafield>
        <datafield tag="536" ind1=" " ind2=" ">
            <subfield code="9">info:eu-repo/grantAgreement/ES/MINECO/EDU2013-42048-R</subfield>
        </datafield>
        <datafield tag="540" ind1=" " ind2=" ">
            <subfield code="9">info:eu-repo/semantics/openAccess</subfield>
            <subfield code="a">by-nc-nd</subfield>
            <subfield code="u">http://creativecommons.org/licenses/by-nc-nd/3.0/es/</subfield>
        </datafield>
        <datafield tag="655" ind1=" " ind2="4">
            <subfield code="a">info:eu-repo/semantics/article</subfield>
            <subfield code="v">info:eu-repo/semantics/publishedVersion</subfield>
        </datafield>
        <datafield tag="700" ind1=" " ind2=" ">
            <subfield code="0">(orcid)0000-0001-9126-5976</subfield>
            <subfield code="a">Alberto Aibar</subfield>
            <subfield code="u">Universidad de Zaragoza</subfield>
        </datafield>
        <datafield tag="700" ind1=" " ind2=" ">
            <subfield code="0">(orcid)0000-0001-8115-0649</subfield>
            <subfield code="a">Luis García-González</subfield>
            <subfield code="u">Universidad de Zaragoza</subfield>
        </datafield>
        <datafield tag="700" ind1=" " ind2=" ">
            <subfield code="0">(orcid)0000-0002-1543-5109</subfield>
            <subfield code="a">Ángel Abós</subfield>
            <subfield code="u">Universidad de Zaragoza</subfield>
        </datafield>
        <datafield tag="700" ind1=" " ind2=" ">
            <subfield code="0">(orcid)0000-0002-2077-1983</subfield>
            <subfield code="a">Javier Sevil-Serrano</subfield>
            <subfield code="u">Universidad de Zaragoza</subfield>
        </datafield>
        <datafield tag="710" ind1="2" ind2=" ">
            <subfield code="1">3001</subfield>
            <subfield code="2">187</subfield>
            <subfield code="a">Universidad de Zaragoza</subfield>
            <subfield code="b">Dpto. Expres.Music.Plást.Corp.</subfield>
            <subfield code="c">Área Didáctica Expres.Corporal</subfield>
        </datafield>
        <datafield tag="773" ind1=" " ind2=" ">
            <subfield code="g">43 (2019), 49-66</subfield>
            <subfield code="p">Eur. j. hum. mov.</subfield>
            <subfield code="t">European Journal of Human Movement</subfield>
            <subfield code="x">2386-4095</subfield>
        </datafield>
        <datafield tag="856" ind1="4" ind2="1">
            <subfield code="u">https://www.eurjhm.com/index.php/eurjhm/article/view/524</subfield>
            <subfield code="z">Texto completo de la revista</subfield>
        </datafield>
        <datafield tag="856" ind1="4" ind2=" ">
            <subfield code="s">318072</subfield>
            <subfield code="u">http://zaguan.unizar.es/record/88473/files/texto_completo.pdf</subfield>
            <subfield code="y">Versión publicada</subfield>
        </datafield>
        <datafield tag="856" ind1="4" ind2=" ">
            <subfield code="s">376988</subfield>
            <subfield code="u">http://zaguan.unizar.es/record/88473/files/texto_completo.jpg?subformat=icon</subfield>
            <subfield code="x">icon</subfield>
            <subfield code="y">Versión publicada</subfield>
        </datafield>
        <datafield tag="909" ind1="C" ind2="O">
            <subfield code="o">oai:zaguan.unizar.es:88473</subfield>
            <subfield code="p">articulos</subfield>
            <subfield code="p">driver</subfield>
        </datafield>
        <datafield tag="951" ind1=" " ind2=" ">
            <subfield code="a">2021-01-28-14:24:46</subfield>
        </datafield>
        <datafield tag="980" ind1=" " ind2=" ">
            <subfield code="a">ARTICLE</subfield>
        </datafield>
    </record>

    
</collection>